000 00473nam a2200169 i 4500
001 141304
003 ES-MaACL
005 20230906200251.0
007 t|
008 070920s1971 sp ||||1| spa d
100 1 _aVives Sotera, Teodoro.
_9115595
245 1 0 _aAstronomía de posición /
_cTeodoro Vives Sotera.
250 _a[1ª ed.].
260 _aMadrid :
_bAlhambra,
_c[1971]
300 _aVIII, 372 p. :
_bil. ;
_c20 cm.
852 _aES-MaACL
_jC-39194
_bR.78887
999 _c141304
_d141304